| 000 | 003990000a22001570004500 | ||
|---|---|---|---|
| 020 | _a84-8280-427-8 | ||
| 041 | 0 | _aSPA | |
| 082 | 0 | 4 | _aG 863 S2318m |
| 100 | 1 | _aSantamaría, Germán (1950-) | |
| 245 | 1 | 0 | _aMorir último / Germán Santamaría |
| 260 | _aBogotá, Colombia : Oveja Negra | ||
| 300 | _a91 Pag | ||
| 440 | 0 | _aBiblioteca de Literatura Colombiana; No. 27 | |
| 001 | 11131 | ||
| 942 | _cBK | ||
| 999 |
_c40499 _d40499 |
||